Guess the Taylor Swift song no hints #34 - Statistics

General Stats
  • This quiz has been taken 61 times
  • The average score is 247 of 315
Answer Stats
Answer % Correct
I
100%
(I)
100%
I-I-I
100%
a
98%
the
98%
and
95%
And
95%
be
95%
we
93%
can
90%
they
90%
They
90%
are
85%
know
85%
my
85%
My
85%
to
85%
won't
85%
Baby
83%
Cause
83%
it
83%
It
83%
love
83%
run
83%
places
80%
us
80%
You
80%
you
80%
found
78%
foxes
78%
hand
78%
hide
78%
(Hide)
78%
me
78%
on
78%
their
78%
ever
76%
hunters
76%
They'll
76%
we're
76%
your
76%
don't
73%
down
73%
hear
73%
in
73%
trying
73%
by
71%
Just
71%
but
68%
chasing
68%
for
68%
got
68%
of
68%
this
68%
track
68%
with
68%
all
66%
as
66%
drop
66%
It's
66%
it's
66%
Not
66%
so
66%
them
66%
what
66%
when
66%
tails
63%
time
63%
grab
61%
here
61%
See
61%
stand
61%
waistline
61%
boxes
59%
night
59%
out
59%
whisper
59%
cages
56%
could
56%
eyes
56%
guns
56%
pass
56%
take
56%
bad
54%
we'll
54%
dark
51%
always
49%
burn
49%
damn
49%
everybody
49%
green
49%
Loose
49%
Love's
49%
plain
49%
sight
49%
sign
49%
Something
49%
want
49%
dead
46%
finds
46%
happens
46%
lips
46%
little
46%
ships
46%
sink
46%
bulletproof
44%
fences
44%
say
44%
flame
41%
shots
41%
flash
39%
fragile
39%
Let
39%
Lights
39%
vultures
39%
circling
37%
clouds
37%
scene
32%
No matching quizzes found
Score Distribution
Percent of People with Each Score
Percentile by Number Answered
Your Score History
You have not taken this quiz